LEADER 01231nam a2200265 i 4500 001 000000117140 003 CaOOAMICUS 005 20030714000000.0 008 030714s1963 it u000 u ita u 013 $a89829 040 $aSeMil$bita 245 13$aUn apostolo del sacerdozio :$bpadre Mario Venturini, Fondatore della Congregazione Sacerdotale dei Figli del Cuore di Gesù /$ca cura di Costantino Caminada. 260 $aMilano [etc.] :$bÀncora,$ccopyr. 1963. 300 $a356 p., [21] p. di tav. ;$c23 cm. 490 0 $aTestimoni 500 $aFondo Card. Giovanni Colombo. 650 4$aVenturini, Mario .$0(OLS)http://semarc/subject/21669 700 1 $aCaminada, Costantino .$0(OLS)http://semarc/name/19229 830 0$aTestimoni.$0(OLS)http://semarc/title/10583 850 $aSeMil 852 $aSeMil$W1$xVenegono$y1$m3J III 17$j72540$B72540$CSeMilBibl$Z2$F76399 $81 941 1 $a3 961 $aLascito: Colombo Card. Giovanni 996 $6245$aUn apostolo del sacerdozio :$bpadre Mario Venturini, Fondatore della Congregazione Sacerdotale dei Figli del Cuore di Gesù$9(OLS)http://semarc/title/171920 996 $6260$aMilano [etc.] :$bÀncora$9(OLS)http://semarc/publisher/32331 LEADER 01148nam a2200265 i 4500 001 000000064066 003 CaOOAMICUS 005 20110114000000.0 008 110114s1970 it u000 u ita u 013 $a35238 040 $aSeMil$bita 110 2 $aChiesa Cattolica.$0(OLS)http://semarc/name/987 245 10$aLiturgia della Settimana Santa secondo il Rito Ambrosiano. Milano. 260 $aMilano :$bÀncora,$cimprim. 1970. 300 $a77 p. ;$c31 cm. 500 $aIn mezzo al front. : Testo in lingua italiana, approvato dalla s. Congregazione del Culto Divino il 23 febbraio 1970. 650 4$aLibri liturgici - Lezionario ambrosiano.$0(OLS)http://semarc/subject/15852 650 4$aLibri liturgici - Messale ambrosiano.$0(OLS)http://semarc/subject/466 850 $aSeMil 852 $aSeMil$W1$xVenegono$y1$m3K VI 210$j30219$B30219$CSeMilBibl$Z2$F30222 $81 910 2 $aSanta Sede. 961 $aRecupero: Altro 996 $6245$aLiturgia della Settimana Santa secondo il Rito Ambrosiano. Milano$9(OLS)http://semarc/title/101314 996 $6260$aMilano :$bÀncora$9(OLS)http://semarc/publisher/29763